| 000 | 00352nam a2200145Ia 4500 | ||
|---|---|---|---|
| 008 | 150201s2005 xx 000 0 und d | ||
| 082 |
_a150 _bP05B |
||
| 100 | _aBHATIA , B.D. | ||
| 245 | _aELEMENTS OF PSYCHOLOGY & MENTAL HYGIENE | ||
| 250 | _a1ST | ||
| 260 |
_bOROENT LOGMAN _aDELHI _c2005 |
||
| 300 | _a304 | ||
| 650 | _aPSYCHOLOGY | ||
| 942 |
_2ddc _cBK |
||
| 999 |
_c1876 _d1876 |
||